Loading...
Fine Arts - Other Fine Arts | 0 | 10 | 0 | 1 | 100 | 22 | 82.50 | 2 | 3 |
Literature - European Literature | 0 | 7 | 0 | 0 | 70 | 56 | 126.29 | 1 | 1 |
Fine Arts - Painting & Sculpture | 0 | 8 | 3 | 0 | 65 | 54 | 105.25 | 1 | 3 |
Philosophy | 0 | 7 | 1 | 0 | 65 | 91 | 113.57 | 0 | 1 |
Religion | 0 | 6 | 0 | 1 | 60 | 103 | 132.50 | 0 | 0 |
Literature - World Literature | 0 | 5 | 0 | 0 | 50 | 105 | 136.20 | 0 | 1 |
Social Science | 0 | 4 | 1 | 0 | 35 | 101 | 125.00 | 0 | 0 |
Other Academic | 0 | 4 | 1 | 1 | 35 | 110 | 137.00 | 0 | 1 |
History - American History | 0 | 3 | 0 | 1 | 30 | 120 | 131.33 | 0 | 0 |
Fine Arts - Classical Music | 0 | 3 | 0 | 1 | 30 | 131 | 137.00 | 0 | 0 |
Literature - British Literature | 0 | 3 | 1 | 1 | 25 | 94 | 104.00 | 0 | 0 |
Science - Biology | 0 | 3 | 1 | 0 | 25 | 55 | 97.67 | 1 | 1 |
Geography | 0 | 2 | 0 | 0 | 20 | 102 | 108.50 | 0 | 0 |
Literature - American Literature | 0 | 3 | 2 | 0 | 20 | 118 | 144.67 | 0 | 0 |
History - World History | 0 | 2 | 1 | 2 | 15 | 144 | 146.50 | 0 | 0 |
Science - Chemistry | 0 | 1 | 0 | 1 | 10 | 139 | 139.00 | 0 | 0 |
Mythology | 0 | 1 | 0 | 0 | 10 | 90 | 90.00 | 0 | 0 |
History - European History | 0 | 2 | 2 | 1 | 10 | 120 | 130.50 | 0 | 0 |
History - Other History | 0 | 2 | 2 | 0 | 10 | 147 | 147.00 | 0 | 0 |
Science - Physics | 0 | 1 | 1 | 0 | 5 | 130 | 130.00 | 0 | 0 |
Current Events | 0 | 1 | 1 | 0 | 5 | 104 | 104.00 | 0 | 0 |
Science - Other Science | 0 | 0 | 2 | 0 | -10 | 0.00 | 0 | 0 |